[Event "DSJ Weihnachtsturnier U20 2020"]
[Site "https://play.chessbase.com/en/play?room=DSJWeihnachtU20"]
[Date "2020.12.29"]
[Round "7"]
[White "Joeres, Stefan"]
[Black "Krastev, Alexander"]
[Result "0-1"]
[Termination "normal"]
[Board "1.1"]
[BlackTitle "FM"]
[WhiteElo "2176"]
[BlackElo "2367"]
[WhiteTeam "Karlsruher SF 1853"]
[BlackTeam "Schachgesellschaft Solingen"]
[PlyCount "116"]
[WhiteFideId "12983160"]
[BlackFideId "12989983"]
[EventRounds "7"]
[EventType "team-swiss"]
[EventDate "2020.12.29"]

1. e4 {[%emt 0:00:02]} g6 {[%emt 0:00:09]} 2. d4 {[%emt 0:00:02]} Bg7 {[%emt
0:00:00]} 3. Nf3 {[%emt 0:00:01]} c5 {[%emt 0:00:01]} 4. dxc5 {[%emt 0:00:02]}
Qa5+ {[%emt 0:00:01]} 5. c3 {[%emt 0:00:01]} Qxc5 {[%emt 0:00:01]} 6. Na3 {
[%emt 0:00:00]} Nf6 {[%emt 0:00:01]} 7. Nb5 {[%emt 0:00:07]} b6 {[%emt 0:00:42]
} 8. Be3 {[%emt 0:00:06]} Qc6 {[%emt 0:00:10]} 9. e5 {[%emt 0:00:32]} Ng4 {
[%emt 0:00:07]} 10. Nfd4 {[%emt 0:00:37]} Nxe3 {[%emt 0:00:08]} 11. Nxc6 {
[%emt 0:00:01]} Nxd1 {[%emt 0:00:03]} 12. Nc7+ {[%emt 0:00:15]} Kf8 {[%emt
0:00:05]} 13. Nd4 {[%emt 0:01:41]} Nxb2 {[%emt 0:00:25]} 14. f4 {[%emt
0:00:13]} Bb7 {[%emt 0:00:14]} 15. a4 {[%emt 0:00:15]} Nc6 {[%emt 0:01:20]} 16.
Nxa8 { [%emt 0:00:06]} Bxa8 {[%emt 0:00:00]} 17. Ra2 {[%emt 0:00:05]} Bh6
{[%emt 0:00:02]} 18. Rxb2 {[%emt 0:00:20]} Bxf4 {[%emt 0:00:04]} 19. Bb5 {[%emt
0:00:30]} Bxe5 {[%emt 0:00:07]} 20. Rd2 {[%emt 0:00:34]} Kg7 {[%emt 0:00:30]}
21. O-O { [%emt 0:00:09]} Nxd4 {[%emt 0:00:04]} 22. cxd4 {[%emt 0:00:04]} Bf6
{[%emt 0:00:01]} 23. d5 {[%emt 0:00:36]} d6 {[%emt 0:00:09]} 24. Ba6 {[%emt
0:01:20]} h5 {[%emt 0:00:15]} 25. Rfd1 {[%emt 0:00:06]} h4 {[%emt 0:00:12]} 26.
Rc2 { [%emt 0:00:01]} Rh5 {[%emt 0:00:02]} 27. Bc4 {[%emt 0:00:20]} Bg5 {[%emt
0:01:34]} 28. Rc3 {[%emt 0:00:43]} Bf6 {[%emt 0:01:46]} 29. Rc2 {[%emt
0:00:48]} Re5 {[%emt 0:00:18]} 30. Bb3 {[%emt 0:00:43]} Re3 {[%emt 0:00:07]}
31. Bc4 { [%emt 0:00:06]} Re4 {[%emt 0:00:21]} 32. Bb5 {[%emt 0:00:13]} Rd4
{[%emt 0:00:55]} 33. Rcd2 {[%emt 0:00:01]} Rxd2 {[%emt 0:00:09]} 34. Rxd2
{[%emt 0:00:00]} Bb7 {[%emt 0:00:02]} 35. Kf2 {[%emt 0:00:11]} Bc3 {[%emt
0:00:19]} 36. Rd3 { [%emt 0:00:07]} Bb4 {[%emt 0:00:02]} 37. Kf3 {[%emt
0:00:01]} f5 {[%emt 0:00:18]} 38. Bc6 {[%emt 0:00:12]} Ba6 {[%emt 0:00:11]} 39.
Bb5 {[%emt 0:00:02]} Bb7 {[%emt 0:00:02]} 40. Bc6 {[%emt 0:00:01]} Bc8 {[%emt
0:00:05]} 41. h3 {[%emt 0:00:01]} Bc5 {[%emt 0:00:12]} 42. Rd1 {[%emt 0:00:05]}
Kf6 {[%emt 0:00:02]} 43. Re1 {[%emt 0:00:01]} e5 {[%emt 0:00:02]} 44. Ra1
{[%emt 0:00:06]} a5 {[%emt 0:00:02]} 45. Rf1 {[%emt 0:00:04]} e4+ {[%emt
0:00:01]} 46. Ke2 {[%emt 0:00:01]} Ke5 {[%emt 0:00:02]} 47. Rd1 {[%emt
0:00:01]} g5 {[%emt 0:00:03]} 48. Rd2 { [%emt 0:00:05]} g4 {[%emt 0:00:03]} 49.
hxg4 {[%emt 0:00:00]} fxg4 {[%emt 0:00:01]} 50. Rd1 {[%emt 0:00:00]} Kf4 {[%emt
0:00:02]} 51. Rf1+ {[%emt 0:00:05]} Kg3 {[%emt 0:00:01]} 52. Rf8 {[%emt
0:00:00]} Ba6+ {[%emt 0:00:02]} 53. Bb5 { [%emt 0:00:00]} Bxb5+ {[%emt
0:00:01]} 54. axb5 {[%emt 0:00:00]} Kxg2 {[%emt 0:00:01]} 55. Rf4 {[%emt
0:00:00]} Kg3 {[%emt 0:00:03]} 56. Rxe4 {[%emt 0:00:01]} h3 {[%emt 0:00:00]}
57. Re8 {[%emt 0:00:02]} h2 {[%emt 0:00:02]} 58. Rh8 { [%emt 0:00:01]} Kg2
{[%emt 0:00:01] Karlsru1-001 gibt auf} 0-1

[Event "DSJ Weihnachtsturnier U20 2020"]
[Site "https://play.chessbase.com/en/play?room=DSJWeihnachtU20"]
[Date "2020.12.29"]
[Round "7"]
[White "Bashylina, Luisa"]
[Black "Koll, Lukas"]
[Result "1/2-1/2"]
[Termination "normal"]
[Board "1.2"]
[WhiteTitle "WCM"]
[WhiteElo "1978"]
[BlackElo "2049"]
[WhiteTeam "Schachgesellschaft Solingen"]
[BlackTeam "Karlsruher SF 1853"]
[PlyCount "119"]
[WhiteFideId "12983292"]
[BlackFideId "12969737"]
[EventRounds "7"]
[EventType "team-swiss"]
[EventDate "2020.12.29"]

1. e4 {[%emt 0:00:01]} c6 {[%emt 0:00:01]} 2. Nc3 {[%emt 0:00:10]} d5 {[%emt
0:00:00]} 3. Nf3 {[%emt 0:00:01]} Bg4 {[%emt 0:00:03]} 4. h3 {[%emt 0:00:02]}
Bxf3 {[%emt 0:00:01]} 5. Qxf3 {[%emt 0:00:00]} dxe4 {[%emt 0:00:01]} 6. Nxe4 {
[%emt 0:00:01]} e6 {[%emt 0:00:08]} 7. Be2 {[%emt 0:00:18]} Nd7 {[%emt 0:00:05]
} 8. d4 {[%emt 0:00:06]} Ndf6 {[%emt 0:00:15]} 9. Nxf6+ {[%emt 0:00:05]} Nxf6 {
[%emt 0:00:04]} 10. c3 {[%emt 0:00:01]} Qd5 {[%emt 0:00:02]} 11. Qg3 {[%emt
0:00:04]} Kd7 {[%emt 0:01:35]} 12. O-O {[%emt 0:00:11]} Bd6 {[%emt 0:00:32]}
13. Bf4 {[%emt 0:00:15]} Bxf4 {[%emt 0:00:12]} 14. Qxf4 {[%emt 0:00:00]} Qd6 {
[%emt 0:00:37]} 15. Qd2 {[%emt 0:00:26]} h6 {[%emt 0:00:21]} 16. b4 {[%emt
0:00:26]} Ke7 {[%emt 0:00:13]} 17. Rfe1 {[%emt 0:00:24]} Rhd8 {[%emt 0:00:30]}
18. Rab1 {[%emt 0:01:19]} Kf8 {[%emt 0:00:14]} 19. a4 {[%emt 0:00:52]} e5 {
[%emt 0:00:06]} 20. Red1 {[%emt 0:00:09]} exd4 {[%emt 0:00:11]} 21. cxd4 {
[%emt 0:00:05]} Rd7 {[%emt 0:00:18]} 22. Bf3 {[%emt 0:00:32]} Rad8 {[%emt
0:00:22]} 23. Qb2 {[%emt 0:00:05]} Kg8 {[%emt 0:00:23]} 24. b5 {[%emt 0:00:18]}
cxb5 {[%emt 0:00:19]} 25. Qxb5 {[%emt 0:00:00]} b6 {[%emt 0:00:05]} 26. Rbc1 {
[%emt 0:00:17]} Nd5 {[%emt 0:00:12]} 27. Rc6 {[%emt 0:00:12]} Qb4 {[%emt
0:00:05]} 28. Qxb4 {[%emt 0:00:14]} Nxb4 {[%emt 0:00:04]} 29. Rc4 {[%emt
0:00:01]} a5 {[%emt 0:00:13]} 30. Kh2 {[%emt 0:00:08]} g6 {[%emt 0:00:15]} 31.
Kg3 { [%emt 0:00:08]} Kg7 {[%emt 0:00:02]} 32. Kf4 {[%emt 0:00:07] Soling1-002
bietet Remis} Nd5+ {[%emt 0:00:21]} 33. Bxd5 {[%emt 0:00:06]} Rxd5 {[%emt
0:00:00]} 34. Ke4 {[%emt 0:00:06]} f5+ {[%emt 0:00:45]} 35. Ke3 {[%emt
0:00:12]} R8d6 {[%emt 0:00:07]} 36. Rd2 {[%emt 0:00:20]} Kf6 {[%emt 0:00:02]}
37. Rb2 { [%emt 0:00:05]} Re6+ {[%emt 0:00:15]} 38. Kd3 {[%emt 0:00:04]} Kg5
{[%emt 0:00:11]} 39. Rb5 {[%emt 0:00:32]} Rdd6 {[%emt 0:00:12]} 40. d5 {[%emt
0:00:13]} Kf6 {[%emt 0:00:05]} 41. Kd4 {[%emt 0:00:17]} Re4+ {[%emt 0:00:12]}
42. Kd3 { [%emt 0:00:01]} Re5 {[%emt 0:00:03]} 43. Kd4 {[%emt 0:00:04]} Re4+
{[%emt 0:00:02]} 44. Kd3 {[%emt 0:00:01]} Re1 {[%emt 0:00:39]} 45. Rc6 {[%emt
0:01:03]} Rd1+ {[%emt 0:00:02]} 46. Ke2 {[%emt 0:00:03]} R1xd5 {[%emt 0:00:07]}
47. Rbxb6 {[%emt 0:00:01]} Re5+ {[%emt 0:00:18]} 48. Kf1 {[%emt 0:00:08]} Rxc6
{[%emt 0:00:07]} 49. Rxc6+ {[%emt 0:00:00]} Kg5 {[%emt 0:00:22]} 50. Rc4 {[%emt
0:00:02] } Rd5 {[%emt 0:00:05]} 51. Ke2 {[%emt 0:00:03]} Re5+ {[%emt 0:00:01]}
52. Kd3 { [%emt 0:00:03]} Rd5+ {[%emt 0:00:02]} 53. Rd4 {[%emt 0:00:05]} Rc5
{[%emt 0:00:01]} 54. g3 {[%emt 0:00:05]} Kh5 {[%emt 0:00:09]} 55. Rh4+ {[%emt
0:00:04]} Kg5 {[%emt 0:00:02]} 56. Rc4 {[%emt 0:00:01]} Rd5+ {[%emt 0:00:01]}
57. Rd4 { [%emt 0:00:02]} Rc5 {[%emt 0:00:01]} 58. Rc4 {[%emt 0:00:16]} Rd5+
{[%emt 0:00:01]} 59. Rd4 {[%emt 0:00:01]} Rc5 {[%emt 0:00:01]} 60. Rc4 {[%emt
0:00:01]} 1/2-1/2

[Event "DSJ Weihnachtsturnier U20 2020"]
[Site "https://play.chessbase.com/en/play?room=DSJWeihnachtU20"]
[Date "2020.12.29"]
[Round "7"]
[White "Koll, Linus"]
[Black "Müdder, Melanie"]
[Result "1/2-1/2"]
[Termination "normal"]
[Board "1.3"]
[WhiteElo "1963"]
[BlackElo "1950"]
[WhiteTeam "Karlsruher SF 1853"]
[BlackTeam "Schachgesellschaft Solingen"]
[PlyCount "154"]
[WhiteFideId "12990299"]
[BlackFideId "12994103"]
[EventRounds "7"]
[EventType "team-swiss"]
[EventDate "2020.12.29"]

1. e4 {[%emt 0:00:03]} c5 {[%emt 0:00:03]} 2. Nf3 {[%emt 0:00:02]} Nc6 { [%emt
0:00:03]} 3. d4 {[%emt 0:00:01]} cxd4 {[%emt 0:00:01]} 4. Nxd4 {[%emt 0:00:01]}
e5 {[%emt 0:00:01]} 5. Nxc6 {[%emt 0:00:11]} bxc6 {[%emt 0:00:04]} 6. Bd3
{[%emt 0:00:06]} Nf6 {[%emt 0:00:08]} 7. O-O {[%emt 0:00:02]} Be7 {[%emt
0:00:03]} 8. b3 {[%emt 0:00:45]} O-O {[%emt 0:00:14]} 9. Bb2 {[%emt 0:00:10]}
Qc7 {[%emt 0:00:25]} 10. Nd2 {[%emt 0:00:05]} d5 {[%emt 0:00:19]} 11. Qe2
{[%emt 0:01:46]} Bd6 {[%emt 0:00:17]} 12. f4 {[%emt 0:01:04]} Bg4 {[%emt
0:01:24]} 13. Qe1 {[%emt 0:00:41]} Rae8 {[%emt 0:00:57]} 14. h3 {[%emt
0:00:48]} Bc8 { [%emt 0:00:11]} 15. fxe5 {[%emt 0:00:21]} Bxe5 {[%emt 0:00:05]}
16. Bxe5 { [%emt 0:00:04]} Rxe5 {[%emt 0:00:14]} 17. Nf3 {[%emt 0:00:04]} Ree8
{[%emt 0:00:18]} 18. e5 {[%emt 0:00:05]} Qb6+ {[%emt 0:01:09]} 19. Kh1 {[%emt
0:00:39]} h6 {[%emt 0:00:15]} 20. Qh4 {[%emt 0:01:17]} Nd7 {[%emt 0:00:06]} 21.
Qg3 { [%emt 0:00:02]} Nc5 {[%emt 0:00:46]} 22. Rad1 {[%emt 0:00:22]} Bd7 {[%emt
0:00:37]} 23. Nh4 {[%emt 0:00:24]} Qc7 {[%emt 0:00:19]} 24. Rde1 {[%emt
0:00:18]} Nxd3 {[%emt 0:00:13]} 25. cxd3 {[%emt 0:00:03]} c5 {[%emt 0:00:11]}
26. Qe3 { [%emt 0:00:28]} d4 {[%emt 0:00:12]} 27. Qe2 {[%emt 0:00:06]} Re6
{[%emt 0:00:14]} 28. Nf3 {[%emt 0:00:06]} Bc6 {[%emt 0:00:12]} 29. Nd2 {[%emt
0:00:13]} Rfe8 {[%emt 0:00:12]} 30. Nc4 {[%emt 0:00:02]} Rg6 {[%emt 0:00:07]}
31. Rf2 { [%emt 0:00:05]} Ree6 {[%emt 0:00:37]} 32. Ref1 {[%emt 0:00:04]} Rg3
{[%emt 0:00:18]} 33. Qh5 {[%emt 0:00:32]} Reg6 {[%emt 0:00:10]} 34. Rg1 {[%emt
0:00:02]} Qd7 {[%emt 0:00:21]} 35. Kh2 {[%emt 0:00:01]} R6g5 {[%emt 0:00:12]}
36. Qh4 { [%emt 0:00:01]} Qd5 {[%emt 0:00:13]} 37. Qxg3 {[%emt 0:00:05]} Rxg3
{[%emt 0:00:01]} 38. Kxg3 {[%emt 0:00:00]} Kh7 {[%emt 0:00:02]} 39. Kh2 {[%emt
0:00:01]} Qe6 {[%emt 0:00:02]} 40. g3 {[%emt 0:00:02]} Bd5 {[%emt 0:00:01]} 41.
Rgf1 { [%emt 0:00:01]} Bxc4 {[%emt 0:00:01]} 42. bxc4 {[%emt 0:00:00]} Qxe5
{[%emt 0:00:01]} 43. Rxf7 {[%emt 0:00:01]} Qe2+ {[%emt 0:00:01]} 44. R1f2
{[%emt 0:00:03]} Qxd3 {[%emt 0:00:01]} 45. R7f3 {[%emt 0:00:01]} Qxc4 {[%emt
0:00:01]} 46. Rf4 {[%emt 0:00:02]} Qc3 {[%emt 0:00:02]} 47. Rf7 {[%emt
0:00:03]} d3 {[%emt 0:00:01]} 48. Rd7 {[%emt 0:00:01]} c4 {[%emt 0:00:02]} 49.
h4 {[%emt 0:00:01]} Qc1 {[%emt 0:00:05]} 50. Rff7 {[%emt 0:00:03]} Qc2+ {[%emt
0:00:03]} 51. Kh3 { [%emt 0:00:02]} Qc3 {[%emt 0:00:02]} 52. Rf2 {[%emt
0:00:02]} d2 {[%emt 0:00:01]} 53. Rdxd2 {[%emt 0:00:02]} Qe5 {[%emt 0:00:03]}
54. Rc2 {[%emt 0:00:02]} Qe6+ {[%emt 0:00:01]} 55. Kh2 {[%emt 0:00:01]} a5
{[%emt 0:00:03]} 56. Rfe2 { [%emt 0:00:01]} Qd5 {[%emt 0:00:01]} 57. Red2
{[%emt 0:00:01]} Qe4 {[%emt 0:00:01]} 58. Re2 {[%emt 0:00:01]} Qd3 {[%emt
0:00:01]} 59. Rcd2 {[%emt 0:00:01]} Qc3 {[%emt 0:00:01]} 60. Rc2 {[%emt
0:00:01]} Qd3 {[%emt 0:00:01]} 61. Rg2 { [%emt 0:00:01]} Qd4 {[%emt 0:00:03]}
62. Rgf2 {[%emt 0:00:01]} Qd3 {[%emt 0:00:02]} 63. Rcd2 {[%emt 0:00:01]} Qc3
{[%emt 0:00:01]} 64. Rc2 {[%emt 0:00:01]} Qd3 {[%emt 0:00:01]} 65. Rcd2 {[%emt
0:00:01]} Qc3 {[%emt 0:00:01]} 66. Kg2 { [%emt 0:00:01]} Qb4 {[%emt 0:00:02]}
67. Rc2 {[%emt 0:00:04]} Qa4 {[%emt 0:00:03]} 68. Rb2 {[%emt 0:00:03]} Qc6+
{[%emt 0:00:02]} 69. Kh2 {[%emt 0:00:03]} c3 {[%emt 0:00:04]} 70. Rbc2 {[%emt
0:00:01]} Qc4 {[%emt 0:00:03]} 71. Kg2 { [%emt 0:00:02]} Qe4+ {[%emt 0:00:01]}
72. Kh2 {[%emt 0:00:02]} Qd3 {[%emt 0:00:01]} 73. Rfe2 {[%emt 0:00:02]} Qd4
{[%emt 0:00:02]} 74. Rf2 {[%emt 0:00:01]} Qd3 {[%emt 0:00:01]} 75. Kh3 {[%emt
0:00:01]} Qd7+ {[%emt 0:00:02]} 76. Kg2 { [%emt 0:00:01]} Qd5+ {[%emt 0:00:01]}
77. Kh2 {[%emt 0:00:01]} Qd3 {[%emt 0:00:01]} 1/2-1/2

[Event "DSJ Weihnachtsturnier U20 2020"]
[Site "https://play.chessbase.com/en/play?room=DSJWeihnachtU20"]
[Date "2020.12.29"]
[Round "7"]
[White "Sereda, Yaroslava"]
[Black "Wang, Xinyuan"]
[Result "0-1"]
[Termination "time forfeit"]
[Board "1.4"]
[WhiteElo "1750"]
[BlackElo "1759"]
[WhiteTeam "Schachgesellschaft Solingen"]
[BlackTeam "Karlsruher SF 1853"]
[PlyCount "70"]
[WhiteFideId "14178940"]
[BlackFideId "16221494"]
[EventRounds "7"]
[EventType "team-swiss"]
[EventDate "2020.12.29"]

1. e4 {[%emt 0:00:08]} c5 {[%emt 0:00:01]} 2. Nf3 {[%emt 0:00:03]} a6 {[%emt
0:00:01]} 3. d4 {[%emt 0:00:04]} cxd4 {[%emt 0:00:00]} 4. Nxd4 {[%emt 0:00:01]}
Nf6 {[%emt 0:00:01]} 5. Nc3 {[%emt 0:00:02]} e5 {[%emt 0:00:01]} 6. Nb3 { [%emt
0:00:12]} Bb4 {[%emt 0:00:01]} 7. Bd3 {[%emt 0:00:55]} O-O {[%emt 0:00:04]} 8.
O-O {[%emt 0:00:06]} Bxc3 {[%emt 0:00:02]} 9. bxc3 {[%emt 0:00:02]} d6 {[%emt
0:00:03]} 10. a4 {[%emt 0:00:34]} Qc7 {[%emt 0:00:15]} 11. Qd2 {[%emt 0:00:33]}
Be6 {[%emt 0:00:12]} 12. Ba3 {[%emt 0:00:05]} Nc6 {[%emt 0:00:12]} 13. f4
{[%emt 0:00:43]} Rfd8 {[%emt 0:01:19]} 14. Kh1 {[%emt 0:00:21]} Bxb3 { [%emt
0:00:41]} 15. cxb3 {[%emt 0:00:06]} d5 {[%emt 0:00:02]} 16. exd5 { [%emt
0:02:05]} Nxd5 {[%emt 0:00:04]} 17. fxe5 {[%emt 0:00:18]} Nxe5 {[%emt 0:00:06]}
18. c4 {[%emt 0:00:09]} Ng4 {[%emt 0:00:18]} 19. g3 {[%emt 0:00:47]} Ndf6
{[%emt 0:00:03]} 20. Qe2 {[%emt 0:00:47]} Qc6+ {[%emt 0:00:14]} 21. Kg1 { [%emt
0:00:13]} Re8 {[%emt 0:00:15]} 22. Qd2 {[%emt 0:01:37]} Rad8 {[%emt 0:01:34]}
23. Qc3 {[%emt 0:00:13]} Re3 {[%emt 0:01:14]} 24. Rad1 {[%emt 0:00:11]} Rde8
{[%emt 0:00:22]} 25. Bc1 {[%emt 0:00:13]} R3e5 {[%emt 0:01:51]} 26. Bf4 { [%emt
0:00:05]} Rh5 {[%emt 0:00:05]} 27. Rd2 {[%emt 0:00:10]} Nd5 {[%emt 0:00:36]}
28. Qc2 {[%emt 0:00:08]} Nde3 {[%emt 0:00:07]} 29. Bxe3 {[%emt 0:00:02]} Nxe3
{[%emt 0:00:02]} 30. Qc3 {[%emt 0:00:02]} Nxf1 {[%emt 0:00:02]} 31. Bxf1 {
[%emt 0:00:01]} Qc5+ {[%emt 0:00:10]} 32. Kh1 {[%emt 0:00:03]} Qf5 {[%emt
0:00:14]} 33. Qc1 {[%emt 0:00:03]} g6 {[%emt 0:00:21]} 34. Bg2 {[%emt 0:00:02]}
Qe5 {[%emt 0:00:11]} 35. Bxb7 {[%emt 0:00:05]} Qxg3 {[%emt 0:00:08] . TimeW}
0-1

[Event "DSJ Weihnachtsturnier U20 2020"]
[Site "https://play.chessbase.com/en/play?room=DSJWeihnachtU20"]
[Date "2020.12.29"]
[Round "7"]
[White "Suvorov, Alexander"]
[Black "Bethke, Richard"]
[Result "1/2-1/2"]
[Termination "normal"]
[Board "2.1"]
[WhiteTitle "FM"]
[BlackTitle "FM"]
[WhiteElo "2353"]
[BlackElo "2332"]
[WhiteTeam "Schachgemeinschaft Porz"]
[BlackTeam "SF Neuberg"]
[PlyCount "94"]
[WhiteFideId "12977063"]
[BlackFideId "12959243"]
[EventRounds "7"]
[EventType "team-swiss"]
[EventDate "2020.12.29"]

1. d4 {[%emt 0:00:37]} d5 {[%emt 0:00:10]} 2. c4 {[%emt 0:00:06]} e6 {[%emt
0:00:03]} 3. Nc3 {[%emt 0:00:08]} Nf6 {[%emt 0:00:02]} 4. cxd5 {[%emt 0:00:05]}
exd5 {[%emt 0:00:01]} 5. Bg5 {[%emt 0:00:01]} c6 {[%emt 0:00:05]} 6. e3 { [%emt
0:00:02]} Be7 {[%emt 0:00:02]} 7. Bd3 {[%emt 0:00:01]} Nbd7 {[%emt 0:00:03]} 8.
Nf3 {[%emt 0:00:01]} h6 {[%emt 0:00:02]} 9. Bh4 {[%emt 0:00:02]} Nh5 { [%emt
0:00:01]} 10. Bxe7 {[%emt 0:00:05]} Qxe7 {[%emt 0:00:00]} 11. Qe2 { [%emt
0:00:08]} Nb6 {[%emt 0:00:34]} 12. O-O-O {[%emt 0:00:04]} Be6 {[%emt 0:00:06]}
13. Kb1 {[%emt 0:00:02]} O-O-O {[%emt 0:00:16]} 14. Rc1 {[%emt 0:00:06] } Kb8
{[%emt 0:00:05]} 15. h3 {[%emt 0:00:15]} Bc8 {[%emt 0:00:05]} 16. Qc2 { [%emt
0:00:05]} Nf6 {[%emt 0:00:12]} 17. Na4 {[%emt 0:00:22]} Nfd7 {[%emt 0:00:10]}
18. Rhe1 {[%emt 0:00:16]} Rhe8 {[%emt 0:00:12]} 19. Nd2 {[%emt 0:00:16]} Qb4
{[%emt 0:00:59]} 20. Nxb6 {[%emt 0:00:17]} Nxb6 {[%emt 0:00:03]} 21. a3 { [%emt
0:00:02]} Qd6 {[%emt 0:00:10]} 22. Nb3 {[%emt 0:00:10]} g6 {[%emt 0:00:21]} 23.
Nc5 {[%emt 0:00:06]} f5 {[%emt 0:00:03]} 24. g3 {[%emt 0:00:10]} Nd7 { [%emt
0:00:20]} 25. b4 {[%emt 0:00:08]} Nxc5 {[%emt 0:00:11]} 26. bxc5 { [%emt
0:00:09]} Qc7 {[%emt 0:00:01]} 27. h4 {[%emt 0:00:09]} Qa5 {[%emt 0:00:09]} 28.
Qc3 {[%emt 0:00:05]} Qxc3 {[%emt 0:00:02]} 29. Rxc3 {[%emt 0:00:00]} g5 {[%emt
0:00:08]} 30. hxg5 {[%emt 0:00:03]} hxg5 {[%emt 0:00:00]} 31. Rcc1 { [%emt
0:00:03]} Rh8 {[%emt 0:00:07]} 32. Rh1 {[%emt 0:00:02]} Be6 {[%emt 0:00:13]}
33. a4 {[%emt 0:00:08]} Kc7 {[%emt 0:00:05]} 34. a5 {[%emt 0:00:01]} Kd7 {
[%emt 0:00:14]} 35. Kc2 {[%emt 0:00:02]} Ke7 {[%emt 0:00:25]} 36. Kd2 {[%emt
0:00:11]} Kf6 {[%emt 0:00:06]} 37. Rb1 {[%emt 0:00:05]} Bc8 {[%emt 0:00:03]}
38. Ra1 {[%emt 0:00:10]} a6 {[%emt 0:00:16]} 39. Be2 {[%emt 0:00:26]} Kg6
{[%emt 0:00:11]} 40. Bf3 {[%emt 0:00:05]} g4 {[%emt 0:00:38]} 41. Be2 {[%emt
0:00:03]} Kg5 {[%emt 0:00:11]} 42. Bd3 {[%emt 0:00:11]} Rh3 {[%emt 0:00:45]}
43. Rhf1 { [%emt 0:00:22]} Rdh8 {[%emt 0:00:09]} 44. Ke2 {[%emt 0:00:03]} Rh2
{[%emt 0:00:06]} 45. Rab1 {[%emt 0:00:08]} R8h3 {[%emt 0:00:13]} 46. Rg1 {[%emt
0:00:08]} Rh7 {[%emt 0:00:09]} 47. Rb6 {[%emt 0:00:03]} R2h6 {[%emt 0:00:21]
Neuberg001 offers a draw} 1/2-1/2

[Event "DSJ Weihnachtsturnier U20 2020"]
[Site "https://play.chessbase.com/en/play?room=DSJWeihnachtU20"]
[Date "2020.12.29"]
[Round "7"]
[White "Bethke, Robert"]
[Black "Suvorov, Luca"]
[Result "1-0"]
[Termination "time forfeit"]
[Board "2.2"]
[BlackTitle "FM"]
[WhiteElo "2100"]
[BlackElo "2279"]
[WhiteTeam "SF Neuberg"]
[BlackTeam "Schachgemeinschaft Porz"]
[PlyCount "95"]
[WhiteFideId "12959251"]
[BlackFideId "12977071"]
[EventRounds "7"]
[EventType "team-swiss"]
[EventDate "2020.12.29"]

1. c4 {[%emt 0:00:03]} Nf6 {[%emt 0:00:02]} 2. Nc3 {[%emt 0:00:05]} e6 { [%emt
0:00:02]} 3. d4 {[%emt 0:00:01]} Bb4 {[%emt 0:00:03]} 4. Nf3 {[%emt 0:00:03]}
O-O {[%emt 0:00:05]} 5. e3 {[%emt 0:00:01]} c5 {[%emt 0:00:08]} 6. Bd3 { [%emt
0:00:13]} Nc6 {[%emt 0:00:02]} 7. dxc5 {[%emt 0:00:07]} Bxc3+ {[%emt 0:01:24]}
8. bxc3 {[%emt 0:00:00]} Qa5 {[%emt 0:00:01]} 9. Qc2 {[%emt 0:00:19]} Qxc5
{[%emt 0:00:08]} 10. Nd4 {[%emt 0:00:08]} Ne5 {[%emt 0:01:42]} 11. Nb3 { [%emt
0:00:43]} Qc6 {[%emt 0:00:20]} 12. O-O {[%emt 0:00:02]} Nxc4 {[%emt 0:00:23]}
13. Nd4 {[%emt 0:00:04]} Qc5 {[%emt 0:00:03]} 14. Nb3 {[%emt 0:00:09]} Qc7
{[%emt 0:00:04]} 15. a4 {[%emt 0:00:11]} b6 {[%emt 0:00:10]} 16. Nd4 {[%emt
0:00:18]} Bb7 {[%emt 0:00:03]} 17. f3 {[%emt 0:00:15]} e5 {[%emt 0:01:54]} 18.
Nb5 {[%emt 0:00:21]} Qc6 {[%emt 0:00:07]} 19. Bxc4 {[%emt 0:00:07]} Qxc4 {
[%emt 0:00:03]} 20. Ba3 {[%emt 0:00:03]} Nd5 {[%emt 0:01:53]} 21. Qd2 {[%emt
0:01:18]} Rfd8 {[%emt 0:00:27]} 22. Nd6 {[%emt 0:00:14]} Qc7 {[%emt 0:00:09]}
23. c4 {[%emt 0:00:13]} Nf6 {[%emt 0:00:03]} 24. Rac1 {[%emt 0:01:07]} Ne8 {
[%emt 0:00:04]} 25. Nb5 {[%emt 0:00:07]} Qc6 {[%emt 0:00:04]} 26. c5 {[%emt
0:00:04]} Rac8 {[%emt 0:00:27]} 27. Nxa7 {[%emt 0:00:12]} Qxa4 {[%emt 0:00:03]}
28. Nxc8 {[%emt 0:00:01]} Qxa3 {[%emt 0:00:06]} 29. Nxb6 {[%emt 0:00:09]} Qa6 {
[%emt 0:00:09]} 30. Rfd1 {[%emt 0:00:27]} d5 {[%emt 0:00:06]} 31. Qb4 {[%emt
0:00:07]} Qe2 {[%emt 0:00:05]} 32. Re1 {[%emt 0:00:05]} Qd3 {[%emt 0:00:13]}
33. c6 {[%emt 0:00:06]} Bxc6 {[%emt 0:00:15]} 34. Rxc6 {[%emt 0:00:00]} d4 {
[%emt 0:00:00]} 35. Qe7 {[%emt 0:00:20]} dxe3 {[%emt 0:00:02]} 36. Qxe5 { [%emt
0:00:20]} Nf6 {[%emt 0:00:16]} 37. Qxe3 {[%emt 0:00:07]} Qb5 {[%emt 0:00:01]}
38. Rc8 {[%emt 0:00:28]} Rxc8 {[%emt 0:00:05]} 39. Nxc8 {[%emt 0:00:00]} h5
{[%emt 0:00:01]} 40. Nd6 {[%emt 0:00:09]} Qd5 {[%emt 0:00:02]} 41. Ne4 { [%emt
0:00:08]} Nd7 {[%emt 0:00:03]} 42. Qd2 {[%emt 0:00:08]} Qb5 {[%emt 0:00:01]}
43. Rd1 {[%emt 0:00:06]} Ne5 {[%emt 0:00:02]} 44. Qd8+ {[%emt 0:00:12]} Kh7
{[%emt 0:00:01]} 45. Kh1 {[%emt 0:00:15]} Nc4 {[%emt 0:00:03]} 46. Qd5 { [%emt
0:00:09]} Qb3 {[%emt 0:00:04]} 47. Rc1 {[%emt 0:00:08]} Ne3 {[%emt 0:00:02]}
48. Qxb3 {[%emt 0:00:03] TimeB} 1-0